Регионална библиотека "Любен Каравелов" - Русе

Агрохимия (Запис номер 57614)

MARC детайли
000 -Лидер
Контролно поле с фиксирана дължина 01211nam a2200289 c 4500
003 - Код на организацията, давaща контролен номер
Контролно поле BLK
005 - Дата и час на последна редакция
Контролно поле 20220704100213.0
008 - Елементи от данни с фиксирана дължина
fixed length control field 180408b bul|||||r ||||||| ||bul||
010 ## - Наследен системен номер
LC control number KNG00061620000
040 ## - Източник на каталожния запис
Идентификатор на билиотеката - собственик на записа BLK
041 ## - Код за език
Код за езика на текст/звукозапис или на отделно заглавие Български
Код за езика КДБФ Български
080 ## - УДК
Текстов определител УДК Торове. Торене. Стимулиране растежа на растенията. Растителни стимулатори
УДК код - определител по УДК 631.8
УДК определител (075.8)
УДК - код + определител 631.8(075.8)
100 1# - Редна дума - Автор
Автор Станчев, Лазар
Авторска отговорност първи автор
R(LIN) 287735
139 ## - Редно поле
Редна дума Станчев, Лазар и др.
245 10 - Сведения за заглавието
Заглавие Агрохимия
Подзаглавни данни Учебник за студентите от висшите селскостоп. инст.
Редно поле (дума) Лазар Станчев; съавт. Евгений Левенсон; съавт. Доменика Бобошевска.
257 ## - Страна на издаване
Страна на създаване/издаване България
260 ## - Област на издателските данни
Име на издателя, разпространителя и проч. Христо Г. Данов
Година на издаване 1971
Място на издаване, разпространение и проч. Пловдив
300 ## - Физическа характеристика
Страници 423 с.
Размери/Мащаб 21 см
380 ## - Жанр
Жанр Селско стопанство
700 1# - Други автори (авторска отговорност)
Лично име Левенсон, Евгений
Автороска отговорност (Описва отношението между автора и произведението) съавт.
9 (RLIN) 287736
700 1# - Други автори (авторска отговорност)
Лично име Бобошевска, Доменика
Автороска отговорност (Описва отношението между автора и произведението) съавт.
9 (RLIN) 287737
852 ## - Местоположение
Форматна сигнатура Цб 57561
856 4# - Електронен адрес и достъп
Електронен формат pdf - файл
856 4# - Електронен адрес и достъп
Електронен формат pdf - файл
999 ## - СИСТЕМНИ КОНТРОЛНИ НОМЕРА
Koha biblionumber 57614
Koha biblioitemnumber 57614
942 ## - АРТИКУЛИ
Вид на библиотечния материал Книги
Скрит в OPAC Не
Периодичен библиозапис Да
944 ## - СЪЗДАВАНЕ И РЕДАКЦИЯ на ЗАПИСА
Създаване/Редакция Създаване
Дата на регистрацията/редакция 13.06.2004
Служител, извършил регистрацията/редакцията Читалня
944 ## - СЪЗДАВАНЕ И РЕДАКЦИЯ на ЗАПИСА
Създаване/Редакция Редакция
Дата на регистрацията/редакция 28.09.2015
999 ## - СИСТЕМНИ КОНТРОЛНИ НОМЕРА
Koha biblioitemnumber 57614
Наличности
Код за отписване Код за изгубен артикул Източник на класификационната схема Код за повреда Коз за рестрикции Код за отдаване Артикулен № Име на библиотеката - собственик Име на библиотеката, в която се намира в момента Статус (Текущо местоположение) Дата на вписване в системата Местоположение - отдел Цена в лева Инвентарен номер Систематично азбучна сигнатура Баркод Номер на екземпляра Цена в евро Служебна бележка Служебен тип на артикула
Изтеглен Не е изгубен Universal Decimal Classification Не е повреден без рестрикции ползва се в читалня 93703 Регионална библиотека "Любен Каравелов" Русе Регионална библиотека "Любен Каравелов" Русе Читалня 1993-01-01 Читалня 1.60 91709 Ч 631.8/С70Л 91709 1 0.82 Дата инв: 20.03.2017 Бележки инв: Ч2017 Книги
  Не е изгубен Universal Decimal Classification Не е повреден без рестрикции ползва се в читалня 93704 Регионална библиотека "Любен Каравелов" Русе Регионална библиотека "Любен Каравелов" Русе Хранилище 1971-01-01 Хранилище 1.60 91405 Цб 57561 120000091405 2 0.82 N: стар фонд Дата: 01.01.1971 Книги
Vip Innovations Ltd, Rousse, Bulgaria 2025